[Event "Bundesliga 2014/15"]
[Site "Germany GER"]
[Date "2014.11.08"]
[Round "3"]
[White "McShane, Luke J"]
[Black "Vachier-Lagrave, Maxime"]
[Result "0-1"]
[WhiteElo "2670"]
[BlackElo "2757"]
[PlyCount "84"]
[EventDate "2014.10.18"]
[EventType "team"]
[WhiteTeam "Werder Bremen"]
[BlackTeam "SV Muelheim Nord"]

1. c4 e5 2. g3 Nf6 3. Bg2 d5 4. cxd5 Nxd5 5. Nc3 Nb6 6. Nf3 Nc6 7. d3 Be7 8.
O-O O-O 9. Be3 Re8 10. Rc1 Bf8 11. Ne4 Nd4 12. Nc5 Bxc5 13. Rxc5 Bg4 14. Bxd4
exd4 15. Qd2 Qd6 16. Rfc1 c6 17. h3 Bxf3 18. exf3 Qe6 19. a3 Qe2 20. Qc2 Nd7
21. Rc4 Qxc2 22. R1xc2 Nb6 23. Rxd4 Red8 24. Rxd8+ Rxd8 25. Bf1 Kf8 26. f4 a5
27. Be2 Rd5 28. Kf1 Na4 29. b3 Nb6 30. Rd2 Rc5 31. Bd1 Rc1 32. Ke1 Nd5 33. Rc2
Ra1 34. a4 Ke7 35. Kd2 Kd6 36. Rc4 b5 37. axb5 cxb5 38. Rc8 Ra2+ 39. Ke1 Nb4
40. Kf1 Rb2 41. d4 Rb1 42. Ke1 a4 0-1

[Event "Bundesliga 2014/15"]
[Site "Germany GER"]
[Date "2014.11.08"]
[Round "3"]
[White "Li, Chao b"]
[Black "Tomczak, Jacek"]
[Result "1-0"]
[WhiteElo "2711"]
[BlackElo "2560"]
[PlyCount "71"]
[EventDate "2014.10.18"]
[EventType "team"]
[WhiteTeam "SK Schwaebisch Hall"]
[BlackTeam "SSC Rostock 07"]

1. d4 Nf6 2. c4 g6 3. g3 Bg7 4. Bg2 d5 5. cxd5 Nxd5 6. Nf3 Nb6 7. Nc3 Nc6 8.
O-O O-O 9. e3 Re8 10. Nh4 e5 11. d5 Na5 12. Rb1 e4 13. Nxe4 g5 14. Nxg5 Qxg5
15. b3 Nd7 16. e4 Qe7 17. Nf5 Qf8 18. Qc2 b6 19. b4 Nb7 20. Qxc7 a5 21. a3 axb4
22. axb4 b5 23. f4 Ra2 24. e5 Nxe5 25. fxe5 Bxf5 26. Rxf5 Re7 27. Qc3 Nd6 28.
Rg5 h6 29. Rg4 h5 30. Rg5 Rxg2+ 31. Kxg2 Ne4 32. Rxg7+ Kxg7 33. Qd4 f5 34. d6
Qa8 35. Kg1 Ra7 36. d7 1-0

[Event "Bundesliga 2014/15"]
[Site "Germany GER"]
[Date "2014.11.08"]
[Round "3"]
[White "Donchenko, Alexander"]
[Black "Eljanov, Pavel"]
[Result "1/2-1/2"]
[WhiteElo "2501"]
[BlackElo "2719"]
[PlyCount "52"]
[EventDate "2014.10.18"]
[EventType "team"]
[WhiteTeam "SC Hansa Dortmund"]
[BlackTeam "USV TU Dresden"]

1. d4 Nf6 2. c4 e6 3. Nc3 Bb4 4. Qc2 d6 5. Nf3 Nbd7 6. Bd2 b6 7. g3 Bb7 8. Bg2
O-O 9. O-O c5 10. dxc5 Nxc5 11. a3 Bxc3 12. Bxc3 Rc8 13. Rac1 Be4 14. Qd1 e5
15. Bh3 Rc7 16. Nh4 Ne6 17. f3 Bb7 18. Nf5 Ne8 19. b3 g6 20. Ne3 f5 21. Nd5
Rcf7 22. e3 Nf6 23. Nxf6+ Rxf6 24. Bg2 Qc7 25. Bb2 Ng5 26. b4 Nf7 1/2-1/2

[Event "Bundesliga 2014/15"]
[Site "Germany GER"]
[Date "2014.11.08"]
[Round "3"]
[White "Rapport, Richard"]
[Black "Bacrot, Etienne"]
[Result "1/2-1/2"]
[WhiteElo "2720"]
[BlackElo "2719"]
[PlyCount "45"]
[EventDate "2014.10.18"]
[EventType "team"]
[WhiteTeam "SV 1930 Hockenheim"]
[BlackTeam "OSG Baden-Baden"]

1. e4 e5 2. f4 exf4 3. Nf3 Ne7 4. d4 d5 5. Qe2 Ng6 6. h4 h5 7. Nc3 c6 8. Bd2
Be7 9. O-O-O Bg4 10. exd5 O-O 11. dxc6 Nxc6 12. Qe4 Rc8 13. d5 Nb4 14. a3 Na6
15. Bxa6 bxa6 16. Qa4 Nxh4 17. d6 Bf6 18. Ne4 Nxf3 19. Ba5 Rb8 20. gxf3 Bxb2+
21. Kd2 Qd7 22. Qxd7 Bxd7 23. Rxh5 1/2-1/2

[Event "Bundesliga 2014/15"]
[Site "Germany GER"]
[Date "2014.11.08"]
[Round "3"]
[White "Naiditsch, Arkadij"]
[Black "Moiseenko, Alexander"]
[Result "1-0"]
[WhiteElo "2710"]
[BlackElo "2698"]
[PlyCount "81"]
[EventDate "2014.10.18"]
[EventType "team"]
[WhiteTeam "OSG Baden-Baden"]
[BlackTeam "SV 1930 Hockenheim"]

1. e4 c5 2. Nf3 e6 3. d4 cxd4 4. Nxd4 Nf6 5. Nc3 Nc6 6. Nxc6 bxc6 7. e5 Nd5 8.
Ne4 Qc7 9. f4 f5 10. exf6 gxf6 11. Bd3 Qb6 12. a3 Ba6 13. Qh5+ Kd8 14. Qe2 Bxd3
15. Qxd3 f5 16. Ng5 Kc7 17. c4 Nf6 18. b4 Be7 19. Bb2 Rhf8 20. Be5+ Kb7 21.
Bxf6 Bxf6 22. O-O-O Bxg5 23. Qxd7+ Ka6 24. fxg5 Rad8 25. Qxe6 Rfe8 26. Qxc6
Qxc6 27. b5+ Qxb5 28. cxb5+ Kxb5 29. Rxd8 Rxd8 30. Rf1 Rd5 31. Rf4 a5 32. g3
Kc5 33. Kc2 Re5 34. Kd3 Kd6 35. Rh4 Rb5 36. Kd4 Rd5+ 37. Ke3 Rb5 38. Kf4 Rb3
39. a4 Ke6 40. Rh6+ Kf7 41. Rxh7+ 1-0

[Event "Bundesliga 2014/15"]
[Site "Germany GER"]
[Date "2014.11.08"]
[Round "3"]
[White "Saric, Ivan"]
[Black "Kasimdzhanov, Rustam"]
[Result "0-1"]
[WhiteElo "2678"]
[BlackElo "2706"]
[PlyCount "88"]
[EventDate "2014.10.18"]
[EventType "team"]
[WhiteTeam "SV 1930 Hockenheim"]
[BlackTeam "OSG Baden-Baden"]

1. e4 e5 2. Nf3 Nc6 3. Bb5 Nf6 4. O-O Nxe4 5. d4 Nd6 6. Bxc6 dxc6 7. dxe5 Nf5
8. Qxd8+ Kxd8 9. Nc3 Ke8 10. h3 b6 11. a4 Bb4 12. Na2 Be7 13. a5 c5 14. Nc3 Bb7
15. Rd1 Rd8 16. Rxd8+ Kxd8 17. Ng5 Bxg5 18. Bxg5+ Kc8 19. axb6 axb6 20. Nb5 h6
21. Bf4 g5 22. Bh2 Ng7 23. Rd1 Be4 24. c3 Ne6 25. f3 Bg6 26. Na3 Kb7 27. Nc4
Ra8 28. Ne3 b5 29. g3 c4 30. f4 Bd3 31. f5 Nc5 32. g4 Ra2 33. Re1 Rxb2 34. e6
fxe6 35. fxe6 Nxe6 36. Nd5 Be2 37. Ne3 Nc5 38. Nf5 Nd3 39. Ra1 Bf3 40. Bg3 b4
41. cxb4 c3 42. Be1 Rg2+ 43. Kf1 Rh2 44. Ng3 c2 0-1

[Event "Bundesliga 2014/15"]
[Site "Germany GER"]
[Date "2014.11.08"]
[Round "3"]
[White "Vallejo Pons, Francisco"]
[Black "Baramidze, David"]
[Result "1/2-1/2"]
[WhiteElo "2716"]
[BlackElo "2605"]
[PlyCount "82"]
[EventDate "2014.10.18"]
[EventType "team"]
[WhiteTeam "OSG Baden-Baden"]
[BlackTeam "SV 1930 Hockenheim"]

1. e4 e5 2. Nf3 Nc6 3. Bb5 a6 4. Ba4 Nf6 5. O-O Be7 6. Re1 b5 7. Bb3 d6 8. c3
O-O 9. h3 Nb8 10. d4 Nbd7 11. c4 c6 12. Nc3 b4 13. Na4 c5 14. d5 Re8 15. Bc2
Nf8 16. a3 a5 17. b3 Ng6 18. Nb2 Bd7 19. Ra2 h6 20. Nh2 Nh7 21. Nf1 Bg5 22. Ng3
Bxc1 23. Qxc1 Qh4 24. Nf5 Bxf5 25. exf5 Nf4 26. Qe3 bxa3 27. Rxa3 e4 28. Qg3
Qf6 29. Qxf4 Qxb2 30. Qc1 Qc3 31. Re3 Qd4 32. Qe1 Qb2 33. Qa1 Qxa1+ 34. Rxa1
Nf6 35. Rae1 Rab8 36. Bxe4 Rxe4 37. Rxe4 Nxe4 38. Rxe4 Rxb3 39. Re8+ Kh7 40.
Ra8 Ra3 41. Ra6 Ra4 1/2-1/2

[Event "Bundesliga 2014/15"]
[Site "Germany GER"]
[Date "2014.11.08"]
[Round "3"]
[White "Graf, Felix"]
[Black "Harikrishna, Pentala"]
[Result "0-1"]
[WhiteElo "2488"]
[BlackElo "2727"]
[PlyCount "128"]
[EventDate "2014.10.18"]
[EventType "team"]
[WhiteTeam "SG Trier"]
[BlackTeam "SC Eppingen"]

1. d4 Nf6 2. c4 e6 3. Nf3 b6 4. a3 Bb7 5. Nc3 Ne4 6. Qc2 Nxc3 7. Qxc3 Be7 8. g3
a5 9. Be3 a4 10. Bg2 d6 11. O-O O-O 12. d5 Bf6 13. Nd4 Ra5 14. Rac1 exd5 15.
cxd5 Rc5 16. Qb4 Qe8 17. Nf5 Bxd5 18. Qg4 Be6 19. Bxc5 bxc5 20. Qf3 Nd7 21. Ne3
Nb6 22. Qb7 Qb8 23. Rc2 Bd4 24. Nd5 Qxb7 25. Ne7+ Kh8 26. Bxb7 Bf6 27. Nc6 Bb3
28. Rfc1 Re8 29. Kf1 g6 30. Ba6 Bxc2 31. Rxc2 d5 32. Bb5 Re6 33. e3 Kg7 34. Nb8
c4 35. Nd7 Nxd7 36. Bxd7 Rb6 37. e4 c6 38. exd5 cxd5 39. Rd2 d4 40. Rc2 d3 41.
Rxc4 Rxb2 42. Rc1 Bd4 43. Rd1 Rxf2+ 44. Ke1 Rf3 45. Kd2 Bc5 46. Bxa4 Bxa3 47.
Kc3 Rf2 48. Rxd3 Rxh2 49. Kd4 Bd6 50. Kd5 Be7 51. Bd1 h5 52. Ke5 Rg2 53. Ke4
Bc5 54. Kf3 Rf2+ 55. Ke4 Kh6 56. Rd5 f5+ 57. Ke5 Bb4 58. Ke6 Rd2 59. Rxd2 Bxd2
60. Ke5 Kg5 61. Kd4 Be1 62. Ke3 Bxg3 63. Kf3 h4 64. Be2 Kf6 0-1

[Event "Bundesliga 2014/15"]
[Site "Muelheim GER"]
[Date "2014.11.09"]
[Round "4"]
[White "Vachier-Lagrave, Maxime"]
[Black "Mchedlishvili, Mikheil"]
[Result "1/2-1/2"]
[WhiteElo "2757"]
[BlackElo "2609"]
[PlyCount "43"]
[EventDate "2014.10.18"]
[EventType "team"]
[WhiteTeam "SV Muelheim Nord"]
[BlackTeam "SK Turm Emsdetten"]

1. d4 Nf6 2. c4 g6 3. Nc3 d5 4. cxd5 Nxd5 5. e4 Nxc3 6. bxc3 Bg7 7. Bc4 c5 8.
Ne2 O-O 9. O-O Nc6 10. Be3 Na5 11. Bd3 b6 12. Qd2 e5 13. Bg5 Qd7 14. Rad1 exd4
15. cxd4 cxd4 16. Bh6 Qd6 17. Ng3 f6 18. Bxg7 Kxg7 19. f4 Qe7 20. f5 Nc6 21.
Bb5 Ne5 22. Qxd4 1/2-1/2

[Event "Bundesliga 2014/15"]
[Site "Berlin GER"]
[Date "2014.11.09"]
[Round "4"]
[White "Eljanov, Pavel"]
[Black "Romanov, Evgeny"]
[Result "1/2-1/2"]
[WhiteElo "2719"]
[BlackElo "2647"]
[PlyCount "212"]
[EventDate "2014.10.18"]
[EventType "team"]
[WhiteTeam "USV TU Dresden"]
[BlackTeam "SF Katernberg"]

1. d4 Nf6 2. c4 e6 3. Nf3 b6 4. g3 Ba6 5. b3 d5 6. Bg2 Bb4+ 7. Bd2 Bd6 8. Nc3
Nbd7 9. cxd5 exd5 10. Nh4 Bb7 11. Nf5 O-O 12. Nb5 Ne8 13. Rc1 Ndf6 14. Nbxd6
cxd6 15. Bf4 Qd7 16. Ne3 Nc7 17. g4 Ne6 18. Bg3 Rfc8 19. Rxc8+ Rxc8 20. h3 Ne4
21. Bxe4 dxe4 22. d5 Nc7 23. O-O Nb5 24. Qd2 f6 25. Nf5 Rc5 26. a4 Nc7 27. b4
Rxd5 28. Qa2 Ne6 29. Rc1 h5 30. Ne3 Rd4 31. gxh5 d5 32. h6 Rxb4 33. hxg7 Qxa4
34. Qd2 Rd4 35. Qc3 Qb4 36. Qa1 Qa4 37. Nf5 Qxa1 38. Rxa1 a5 39. Nxd4 Nxd4 40.
e3 Nb3 41. Ra2 d4 42. exd4 b5 43. Rc2 Nxd4 44. Rc7 Bd5 45. Ra7 Nf3+ 46. Kf1 b4
47. Ke2 b3 48. Kd1 Nd4 49. Kc1 e3 50. Rd7 Ne2+ 51. Kb2 Be6 52. Re7 Nxg3 53.
fxg3 Bxh3 54. Kxb3 e2 55. Ka4 e1=Q 56. Rxe1 Kxg7 57. Re4 Kg6 58. Kxa5 Kf5 59.
Rf4+ Ke5 60. Kb6 Bg2 61. Kc7 Ke6 62. Kd8 Bc6 63. Rb4 Kf7 64. Kc7 Bg2 65. Kd6
Bf3 66. Ra4 Bg2 67. Ra7+ Kg6 68. Ke6 Bf1 69. Ra4 Bh3+ 70. Ke7 Kg5 71. Rf4 Bf5
72. Rh4 Bc2 73. Rh8 Bb3 74. Rb8 Bc4 75. Rc8 Bb3 76. Rb8 Bc4 77. Rb6 Be2 78. Rb4
Bd3 79. Ra4 Bc2 80. Ra8 Bb3 81. Rb8 Bc4 82. Rh8 Bb3 83. Rh7 Kg6 84. Rh1 Kg5 85.
Rh4 Bc2 86. Rb4 Bd3 87. Ra4 Bc2 88. Rc4 Bd1 89. Rb4 Bf3 90. Rf4 Be2 91. Rf2 Bd3
92. Rf4 Bf5 93. Rc4 Bh3 94. Rh4 Bf1 95. Rh1 Bc4 96. Rh7 Kg6 97. Rh4 Be2 98. Re4
Bd1 99. Rd4 Be2 100. Rd8 Kg5 101. Rg8+ Kf5 102. Rg7 Bf3 103. Kf8 Be2 104. Kg8
Bc4+ 105. Kh7 Be2 106. Kh6 Bf3 1/2-1/2

[Event "Bundesliga 2014/15"]
[Site "Berlin GER"]
[Date "2014.11.09"]
[Round "4"]
[White "Bok, Benjamin"]
[Black "Almasi, Zoltan"]
[Result "0-1"]
[WhiteElo "2591"]
[BlackElo "2695"]
[PlyCount "102"]
[EventDate "2014.10.18"]
[EventType "team"]
[WhiteTeam "SF Katernberg"]
[BlackTeam "USV TU Dresden"]

1. e4 e5 2. Nf3 Nc6 3. Bb5 a6 4. Ba4 Nf6 5. O-O Be7 6. Re1 b5 7. Bb3 O-O 8. c3
d6 9. h3 Na5 10. Bc2 c5 11. d4 Nd7 12. a4 exd4 13. cxd4 b4 14. b3 cxd4 15. Bb2
Bf6 16. Nxd4 Bb7 17. Nd2 g6 18. N2f3 Rc8 19. Qd2 Ne5 20. Nh2 Qb6 21. Rad1 Rfe8
22. Ng4 Nxg4 23. hxg4 Rc5 24. Bb1 Bc8 25. Qf4 Be5 26. Qf3 Qd8 27. Qe2 Bg7 28.
Bd3 Qb6 29. Bc2 Rg5 30. f3 h5 31. Qe3 Qd8 32. Bc1 Rc5 33. gxh5 Rxh5 34. Bd2 Qh4
35. Bxb4 Bh6 36. Qc3 Qh2+ 37. Kf1 Bh3 38. Ke2 Rc8 39. Bxa5 Rxc3 40. Bxc3 Bxg2
41. Kd3 Qh3 42. b4 Bxf3 43. Nxf3 Qxf3+ 44. Kc4 Bg7 45. Bxg7 Kxg7 46. Rxd6 Qf2
47. Rc1 a5 48. Rd3 axb4 49. Kxb4 Rc5 50. Kb3 g5 51. Rd5 g4 0-1

[Event "Bundesliga 2014/15"]
[Site "Baden-Baden GER"]
[Date "2014.11.09"]
[Round "4"]
[White "Moiseenko, Alexander"]
[Black "Postny, Evgeny"]
[Result "1/2-1/2"]
[WhiteElo "2698"]
[BlackElo "2652"]
[PlyCount "168"]
[EventDate "2014.10.18"]
[EventType "team"]
[WhiteTeam "SV 1930 Hockenheim"]
[BlackTeam "SC Eppingen"]

1. d4 d5 2. c4 c6 3. Nc3 Nf6 4. Nf3 a6 5. c5 Bf5 6. Bf4 Nbd7 7. h3 e6 8. e3 Be7
9. Be2 Ne4 10. O-O O-O 11. Rc1 Re8 12. Qb3 Qc8 13. Rfd1 Bd8 14. Ne5 Nxe5 15.
Bxe5 Bc7 16. Nxe4 Bxe4 17. Bxc7 Qxc7 18. Qb6 Qxb6 19. cxb6 Kf8 20. Rc5 Ke7 21.
b4 Kd6 22. f3 Bg6 23. Kf2 f6 24. a4 Red8 25. Rdc1 Ke7 26. h4 Kd6 27. g4 h6 28.
Kg3 Ke7 29. h5 Bf7 30. Bd3 Be8 31. Re1 Rd6 32. Kf4 Rdd8 33. Rec1 Rd6 34. Ra5
Rdd8 35. Be2 Bf7 36. Kg3 Be8 37. Kf2 Bf7 38. Ke1 e5 39. Bd3 Kd6 40. Kd2 exd4
41. exd4 Be6 42. Rac5 Bd7 43. Rg1 Rh8 44. a5 Rae8 45. Rcc1 Re7 46. Rce1 Rxe1
47. Kxe1 Re8+ 48. Kf2 Re7 49. Kg3 Be8 50. Kf4 Bf7 51. Bf5 Bg8 52. Rc1 Re8 53.
Rc3 Bf7 54. Re3 Rxe3 55. Kxe3 Be6 56. Bd3 Bc8 57. Kf4 Bd7 58. Kg3 Bc8 59. Kh4
Bd7 60. Kh3 Bc8 61. Kg3 Bd7 62. Kg2 Bc8 63. Kf2 Bd7 64. Ke3 Bc8 65. Kf4 Bd7 66.
Bf5 Be6 67. Bc2 Bd7 68. Bh7 Bc8 69. Kg3 Bd7 70. Bg8 Bc8 71. Bf7 Bd7 72. f4 Bc8
73. Bg6 Bd7 74. Bd3 Bc8 75. Kh4 Bd7 76. g5 f5 77. Kg3 Bc8 78. Kf2 Bd7 79. Ke3
Bc8 80. Kd2 Bd7 81. g6 Bc8 82. Kc3 Bd7 83. Be2 Bc8 84. Bf1 Bd7 1/2-1/2

[Event "Bundesliga 2014/15"]
[Site "Baden-Baden GER"]
[Date "2014.11.09"]
[Round "4"]
[White "Bacrot, Etienne"]
[Black "Graf, Felix"]
[Result "1-0"]
[WhiteElo "2719"]
[BlackElo "2488"]
[PlyCount "231"]
[EventDate "2014.10.18"]
[EventType "team"]
[WhiteTeam "OSG Baden-Baden"]
[BlackTeam "SG Trier"]

1. Nf3 d5 2. d4 Nf6 3. c4 c6 4. e3 Bf5 5. Nc3 e6 6. Nh4 Bg6 7. Qb3 Qc7 8. Nxg6
hxg6 9. g3 Nbd7 10. Bg2 Be7 11. O-O Rd8 12. Bd2 Nb6 13. cxd5 exd5 14. Rad1 Qc8
15. Ne2 Nc4 16. Bc1 g5 17. Qc2 Nd6 18. e4 dxe4 19. Bxg5 Qf5 20. Bxf6 Bxf6 21.
Nc3 Qh5 22. h4 O-O 23. Nxe4 Nxe4 24. Qxe4 Rfe8 25. Qf4 Qa5 26. a3 Qa4 27. b4
Qxa3 28. d5 c5 29. bxc5 Qxc5 30. Rfe1 Rxe1+ 31. Rxe1 a5 32. h5 Qc3 33. Rb1 Qe5
34. Qxe5 Bxe5 35. Rxb7 Bd6 36. Ra7 Bb4 37. Be4 Kf8 38. Kg2 Ke8 39. Bc2 Rxd5 40.
Bb3 Rf5 41. f4 Rf6 42. Kh3 Bc3 43. Kg4 Kf8 44. Bd5 g6 45. h6 Kg8 46. Ba2 Bd2
47. Rc7 Be3 48. Kf3 Bd2 49. Rd7 Bc1 50. Ke4 Kh7 51. Rc7 Bd2 52. Bxf7 Kxh6 53.
Bg8 Kh5 54. Kf3 Bxf4 55. gxf4 g5 56. Kg3 Rxf4 57. Bf7+ Kh6 58. Be8 Rf8 59. Bc6
Rf4 60. Ra7 Kg6 61. Rxa5 Rb4 62. Bd5 Rd4 63. Ra6+ Kf5 64. Be6+ Ke5 65. Bc8 Rd6
66. Ra1 Rd4 67. Rf1 Rf4 68. Rb1 Rd4 69. Bg4 Rd3+ 70. Bf3 Rd4 71. Rb8 Ra4 72.
Rf8 Rd4 73. Bh5 Rf4 74. Rg8 Kf6 75. Bg6 Ra4 76. Bc2 Rc4 77. Bh7 Rc3+ 78. Kg2
Rc5 79. Rg6+ Kf7 80. Kg3 Rc1 81. Rb6 Rc4 82. Bg6+ Ke7 83. Bb1 Rd4 84. Rg6 Rb4
85. Bf5 Rb5 86. Kg4 Rb2 87. Kxg5 Rg2+ 88. Bg4 Rg1 89. Re6+ Kd8 90. Rc6 Ke7 91.
Rc4 Kd6 92. Kf6 Rf1+ 93. Bf5 Kd5 94. Rc8 Rh1 95. Rd8+ Kc4 96. Ke5 Rh5 97. Rc8+
Kb4 98. Ke4 Rh4+ 99. Kd3 Kb5 100. Be4 Kb6 101. Kd4 Rh2 102. Rc6+ Kb5 103. Re6
Rh4 104. Re7 Kb6 105. Rb7+ Ka6 106. Rb2 Rg4 107. Kd5 Rg1 108. Kc6 Rc1+ 109. Bc2
Ka7 110. Ra2+ Kb8 111. Kb6 Kc8 112. Ba4 Re1 113. Rd2 Rc1 114. Bc6 Rb1+ 115. Bb5
Rb4 116. Rc2+ 1-0

[Event "Bundesliga 2014/15"]
[Site "Baden-Baden GER"]
[Date "2014.11.09"]
[Round "4"]
[White "Bobras, Piotr"]
[Black "Naiditsch, Arkadij"]
[Result "0-1"]
[WhiteElo "2535"]
[BlackElo "2710"]
[PlyCount "130"]
[EventDate "2014.10.18"]
[EventType "team"]
[WhiteTeam "SG Trier"]
[BlackTeam "OSG Baden-Baden"]

1. e4 e5 2. Nf3 Nc6 3. Bb5 Nf6 4. O-O Nxe4 5. d4 Nd6 6. Bxc6 dxc6 7. dxe5 Nf5
8. Qxd8+ Kxd8 9. h3 Ke8 10. Nc3 Be6 11. g4 Ne7 12. Ng5 Bc4 13. Re1 Nd5 14. e6
f6 15. Nf7 Nxc3 16. bxc3 Rg8 17. e7 Kxf7 18. Ba3 Bxe7 19. Rxe7+ Kg6 20. Rxc7
Rab8 21. Bc5 Rgc8 22. Re7 Re8 23. Rae1 Rxe7 24. Rxe7 b6 25. Be3 a5 26. f4 h6
27. f5+ Kh7 28. a3 c5 29. Kf2 Rc8 30. Rb7 b5 31. Ra7 a4 32. Kg3 Kg8 33. Rb7 Bf1
34. Bf4 b4 35. cxb4 cxb4 36. Rxb4 Rc3+ 37. Kh2 Rxc2+ 38. Kg3 Rc3+ 39. Kh2 Rxa3
40. h4 Ra2+ 41. Kg3 a3 42. g5 Rg2+ 43. Kf3 hxg5 44. hxg5 fxg5 45. Be5 Re2 46.
Bd4 Rd2 47. Ra4 Bb5 48. Ra8+ Kh7 49. Ke3 Rd3+ 50. Ke4 Rb3 51. Ra7 Bc6+ 52. Ke5
a2 53. f6 Rb5+ 54. Ke6 Bd5+ 55. Kd6 Bb3 56. Kc6 Rb4 57. Be5 Kg6 58. Rxg7+ Kf5
59. Ba1 Rc4+ 60. Kd6 Rc1 61. f7 Bxf7 62. Rxf7+ Kg4 63. Be5 a1=Q 64. Bxa1 Rxa1
65. Rb7 Re1 0-1

[Event "Bundesliga 2014/15"]
[Site "Baden-Baden GER"]
[Date "2014.11.09"]
[Round "4"]
[White "Kasimdzhanov, Rustam"]
[Black "Cyborowski, Lukasz"]
[Result "1/2-1/2"]
[WhiteElo "2706"]
[BlackElo "2510"]
[PlyCount "43"]
[EventDate "2014.10.18"]
[EventType "team"]
[WhiteTeam "OSG Baden-Baden"]
[BlackTeam "SG Trier"]

1. d4 Nf6 2. c4 e6 3. Nf3 d5 4. g3 dxc4 5. Bg2 a6 6. Ne5 c5 7. Be3 Nd5 8. Nc3
Nxe3 9. fxe3 Nd7 10. Nxc4 Be7 11. O-O O-O 12. a4 Nb6 13. Nxb6 Qxb6 14. a5 Qc7
15. Na4 Qxa5 16. Nxc5 Qb6 17. Qc2 Rb8 18. b4 Qc7 19. Rfc1 Qd6 20. Qc3 b6 21.
Nd3 Bd7 22. Rxa6 1/2-1/2

[Event "Bundesliga 2014/15"]
[Site "Baden-Baden GER"]
[Date "2014.11.09"]
[Round "4"]
[White "Jaracz, Pawel"]
[Black "Vallejo Pons, Francisco"]
[Result "1/2-1/2"]
[WhiteElo "2505"]
[BlackElo "2716"]
[PlyCount "42"]
[EventDate "2014.10.18"]
[EventType "team"]
[WhiteTeam "SG Trier"]
[BlackTeam "OSG Baden-Baden"]

1. c4 e5 2. Nc3 Nc6 3. g3 Bc5 4. Bg2 d6 5. e3 a6 6. Nge2 Ba7 7. b3 h5 8. d4 h4
9. Bb2 Nge7 10. Qd2 Bg4 11. h3 Bxe2 12. Nxe2 hxg3 13. fxg3 Qd7 14. O-O-O O-O-O
15. Rhf1 f6 16. Qc2 Nb4 17. Qd2 Nbc6 18. Qc2 Qe8 19. a3 Qh5 20. Kb1 Rde8 21. b4
Qg6 1/2-1/2

[Event "Bundesliga 2014/15"]
[Site "Schwaebisch Hall GER"]
[Date "2014.12.05"]
[Round "7"]
[White "Bischoff, Klaus"]
[Black "Li, Chao b"]
[Result "1/2-1/2"]
[WhiteElo "2504"]
[BlackElo "2711"]
[PlyCount "86"]
[EventDate "2014.10.18"]
[EventType "team"]
[WhiteTeam "FC Bayern Muenchen"]
[BlackTeam "SK Schwaebisch Hall"]

1. Nf3 Nf6 2. c4 g6 3. Nc3 d5 4. cxd5 Nxd5 5. d3 Bg7 6. Bd2 O-O 7. g3 c5 8. Bg2
Nc6 9. O-O e6 10. Qc1 b6 11. Bh6 Bb7 12. Bxg7 Kxg7 13. Rd1 Rc8 14. e3 Qf6 15.
Ne4 Qe7 16. b3 Rfd8 17. Qb2+ e5 18. a3 Ba6 19. Rac1 f5 20. Nc3 Nxc3 21. Qxc3
Qf6 22. Bf1 Bb7 23. Bg2 Rd7 24. Rd2 Rcd8 25. Rcd1 a5 26. Qb2 Ba6 27. Bf1 f4 28.
gxf4 exf4 29. Qxf6+ Kxf6 30. d4 Bxf1 31. Kxf1 cxd4 32. exd4 g5 33. h3 h5 34.
Rc2 Nxd4 35. Rcd2 Nxf3 36. Rxd7 Rc8 37. Ke2 g4 38. hxg4 hxg4 39. R1d6+ Ke5 40.
Kd3 Ne1+ 41. Kd2 Nf3+ 42. Kd3 Ne1+ 43. Kd2 Nf3+ 1/2-1/2

[Event "Bundesliga 2014/15"]
[Site "Dresden GER"]
[Date "2014.12.05"]
[Round "7"]
[White "Mista, Aleksander"]
[Black "Almasi, Zoltan"]
[Result "1/2-1/2"]
[WhiteElo "2616"]
[BlackElo "2695"]
[PlyCount "70"]
[EventDate "2014.10.18"]
[EventType "team"]
[WhiteTeam "SF Berlin 1903"]
[BlackTeam "USV TU Dresden"]

1. e4 e5 2. Nf3 Nc6 3. Bb5 a6 4. Ba4 Nf6 5. O-O Be7 6. Re1 b5 7. Bb3 d6 8. c3
O-O 9. h3 Nb8 10. d4 Nbd7 11. Nbd2 Bb7 12. Bc2 Re8 13. Nf1 Bf8 14. Ng3 g6 15.
a4 Bg7 16. Bg5 h6 17. Bd2 Nb6 18. a5 Nc4 19. Bc1 d5 20. Nxe5 Nxe5 21. dxe5 Nxe4
22. Bf4 g5 23. Nxe4 dxe4 24. Bg3 Bxe5 25. Bxe4 Bxe4 26. Rxe4 Qxd1+ 27. Rxd1
Bxg3 28. Rxe8+ Rxe8 29. fxg3 Re2 30. Rd8+ Kg7 31. Ra8 Rxb2 32. Rxa6 Rc2 33. Rc6
b4 34. Rxc7 Rxc3 35. Rb7 Ra3 1/2-1/2

[Event "Bundesliga 2014/15"]
[Site "Schwaebisch Hall GER"]
[Date "2014.12.06"]
[Round "5"]
[White "Li, Chao b"]
[Black "Shirov, Alexei"]
[Result "0-1"]
[WhiteElo "2711"]
[BlackElo "2691"]
[PlyCount "106"]
[EventDate "2014.10.18"]
[EventType "team"]
[WhiteTeam "SK Schwaebisch Hall"]
[BlackTeam "OSG Baden-Baden"]

1. d4 d5 2. c4 c6 3. cxd5 cxd5 4. Bf4 Nc6 5. e3 Nf6 6. Nc3 Bf5 7. Qb3 Na5 8.
Qa4+ Bd7 9. Qd1 Rc8 10. Nf3 Qb6 11. Rb1 Bf5 12. Bb5+ Nc6 13. Rc1 e6 14. O-O Be7
15. Ne5 O-O 16. Bxc6 bxc6 17. g4 Bg6 18. h4 h6 19. Nxg6 fxg6 20. Qd3 Kf7 21. f3
Nd7 22. Bg3 c5 23. Ne2 cxd4 24. exd4 Qxb2 25. Rb1 Qc2 26. Qe3 Qc6 27. Rfe1 g5
28. hxg5 hxg5 29. Nc3 a6 30. Na4 Bf6 31. Kg2 Rfe8 32. Rbc1 Qxa4 33. Rxc8 Rxc8
34. Qxe6+ Kg6 35. Qf5+ Kf7 36. Qe6+ Kg6 37. Qf5+ Kf7 38. Qxd5+ Kg6 39. Qe4+ Kf7
40. Qe6+ Kg6 41. Qf5+ Kf7 42. Qd5+ Kg6 43. f4 Rc2+ 44. Kh3 Rc3 45. Qe4+ Kh6 46.
Qe8 Rxg3+ 47. Kxg3 gxf4+ 48. Kh2 g5 49. Qe2 Bxd4 50. Qe6+ Nf6 51. Kg2 Qc2+ 52.
Re2 Qd3 53. Kh1 Qd1+ 0-1

[Event "Bundesliga 2014/15"]
[Site "Schwaebisch Hall GER"]
[Date "2014.12.06"]
[Round "5"]
[White "Naiditsch, Arkadij"]
[Black "Laznicka, Viktor"]
[Result "1/2-1/2"]
[WhiteElo "2710"]
[BlackElo "2666"]
[PlyCount "130"]
[EventDate "2014.10.18"]
[EventType "team"]
[WhiteTeam "OSG Baden-Baden"]
[BlackTeam "SK Schwaebisch Hall"]

1. e4 c6 2. d4 d5 3. e5 Bf5 4. Nd2 e6 5. Nb3 Nd7 6. Ne2 Qc7 7. Nf4 Ne7 8. g4
Be4 9. f3 Bg6 10. c3 O-O-O 11. Be3 h5 12. Nd2 hxg4 13. fxg4 Bh7 14. Nf3 Ng6 15.
Qd2 Be7 16. Bd3 Nh4 17. Nxh4 Bxh4+ 18. Ke2 c5 19. Bxh7 Rxh7 20. Rac1 Kb8 21. b4
cxb4 22. cxb4 Qb6 23. a4 Rdh8 24. h3 Qa6+ 25. b5 Qxa4 26. Ra1 Qxb5+ 27. Nd3 Be7
28. Rhb1 Qc6 29. Rc1 Qb6 30. Rab1 Qd8 31. Nc5 Nb6 32. Qa5 Rxh3 33. Rc3 Rxe3+
34. Rxe3 Rh2+ 35. Kd3 Qh8 36. Rc1 Qh7+ 37. Kc3 Nc4 38. Qb5 Bxc5 39. Qe8+ Kc7
40. dxc5 a6 41. Qxf7+ Kb8 42. c6 g5 43. Rf3 Ka7 44. cxb7 Nxe5 45. b8=Q+ Kxb8
46. Qf8+ Kb7 47. Qb4+ Kc6 48. Kd4+ Nc4 49. Rxc4+ dxc4 50. Qxc4+ Kd7 51. Qa4+
Ke7 52. Qb4+ Kd7 53. Qb7+ Kd6 54. Qb6+ Kd7 55. Qa7+ Kd6 56. Qxa6+ Kd7 57. Qa4+
Kd6 58. Qb4+ Kd7 59. Qb7+ Kd6 60. Qb8+ Kd7 61. Rd3 Ke7 62. Qc7+ Ke8 63. Qc8+
Ke7 64. Qc7+ Ke8 65. Qc8+ Ke7 1/2-1/2

[Event "Bundesliga 2014/15"]
[Site "Schwaebisch Hall GER"]
[Date "2014.12.06"]
[Round "5"]
[White "Inarkiev, Ernesto"]
[Black "Kasimdzhanov, Rustam"]
[Result "0-1"]
[WhiteElo "2672"]
[BlackElo "2706"]
[PlyCount "106"]
[EventDate "2014.10.18"]
[EventType "team"]
[WhiteTeam "SK Schwaebisch Hall"]
[BlackTeam "OSG Baden-Baden"]

1. d4 d5 2. c4 e6 3. Nc3 Be7 4. Nf3 Nf6 5. Bf4 O-O 6. e3 Nbd7 7. c5 Ne4 8. Bd3
f5 9. h3 c6 10. Qa4 Bf6 11. Ne2 Nexc5 12. dxc5 e5 13. Nxe5 Nxe5 14. O-O-O Qe7
15. Qc2 a5 16. Nd4 g6 17. Kb1 a4 18. Rc1 Bd7 19. g4 Nxd3 20. Qxd3 Qe4 21. Qxe4
fxe4 22. Bd6 Rf7 23. Rh2 Bh4 24. Rc2 h5 25. Rg2 Kh7 26. Rd2 Bf6 27. Ne2 hxg4
28. hxg4 g5 29. Rd1 Kg6 30. Nd4 Rh8 31. Kc2 Bd8 32. Ne2 Rh4 33. Rdg1 Ba5 34. a3
Rh3 35. Nc3 Rhf3 36. Bg3 Bxg4 37. Rh2 d4 38. exd4 Bf5 39. Rgh1 e3+ 40. Kd1 Bg4
41. Rh6+ Kf5 42. Ke1 exf2+ 43. Bxf2 Bxc3+ 44. bxc3 Rxc3 45. Rh7 Rxh7 46. Rxh7
Rxa3 47. d5 Rd3 48. Kf1 a3 49. dxc6 a2 50. Rf7+ Kg6 51. cxb7 a1=Q+ 52. Kg2 Bh3+
53. Kh2 Qe5+ 0-1